Music Quiz

Random Music or Artist Quiz
Score 0/20 Timer 04:00
5 Plays Today
Question Answer Wrong Answers
The Beatles ???
89.3%
???
3.2%
???
1.9%
???
2%
R.E.M. ???
68.6%
???
13%
???
9.2%
???
8.6%
'Weird Al' Yankovic ???
65.7%
???
10.4%
???
5.3%
???
5.5%
Metallica ???
64.2%
???
5%
???
4.6%
???
13.5%
Kraftwerk ???
59%
???
12.7%
???
11.8%
???
7.3%
Coldplay ???
58.2%
???
8.5%
???
10.3%
???
8.1%
Taylor Swift ???
58.2%
???
2.7%
???
12%
???
11.6%
Ramones ???
54.3%
???
2.8%
???
20.7%
???
6.5%
Eminem ???
54.2%
???
11.2%
???
10.5%
???
9.4%
ABBA ???
52.5%
???
14.9%
???
11.1%
???
11.6%
Arcade Fire ???
52.1%
???
18.4%
???
15.2%
???
7.1%
Bush ???
52%
???
9.3%
???
17.6%
???
15.5%
Public Service Broadcasting ???
48.4%
???
12.1%
???
12.1%
???
13.1%
Rage Against the Machine ???
47.4%
???
8.4%
???
27.2%
???
1.7%
Aerosmith ???
44.9%
???
5.3%
???
17.5%
???
21.5%
Weezer ???
44.3%
???
23%
???
7.6%
???
22.5%
Cold War Kids ???
41.1%
???
14.7%
???
11%
???
21.4%
Pearl Jam ???
38.9%
???
34.6%
???
14.4%
???
12.2%
The Strokes ???
38.7%
???
10.3%
???
20%
???
15.9%
Jefferson Starship ???
26.5%
???
46%
???
5.9%
???
8.1%
Remove Ads.
Support Sporcle.
Get the best of Sporcle when you Go Orange. This ad-free experience offers more features, more stats, and more fun while also helping to support Sporcle. Thank you for becoming a member.

You're not logged in!

Compare scores with friends on all Sporcle quizzes.
OR
Log In

Show Comments

Extras

Top Quizzes Today


Score Distribution

Your Account Isn't Verified!

In order to create a playlist on Sporcle, you need to verify the email address you used during registration. Go to your Sporcle Settings to finish the process.

Report this User

Report this user for behavior that violates our Community Guidelines.

Details: